Logo BPK

Biblioteka

Politechniki Koszalińskiej

Międzynarodowy słownik terminologii elektrycznej = (Rekord nr 12466)

Szczegóły MARC
000 -ETYKIETA REKORDU
podpole kontrolne o stałej długości 01719nam a2200373 i 4500
001 - NUMER KONTROLNY REKORDU
pole kontrolne 12466
003 - IDENTYFIKATOR NUMERU KONTROLNEGO REKORDU
podpole kontrolne KOSZ 005
005 - DATA OSTATNIEJ MODYFIKACJI REKORDU
podpole kontrolne 20191018140640.0
008 - POLE O STAŁEJ DŁUGOŚCI - DANE KONTROLNE
podpole kontrolne o stałej długości 990506s1961 pl f d |000 0 mul
015 ## - NUMER BIBLIOGRAFII NARODOWEJ
Numer bibliografii narodowej PB 1961/205
035 ## - NUMER SYSTEMOWY
Numer systemowy przejętego rekordu (OCoLC)830233240
040 ## - ŹRÓDŁO KATALOGOWANIA
Instytucja, która sporządziła opis WA N
Instytucja, która utworzyła rekord WA N
Instytucja, która dokonała modyfikacji KOSZ 005/HR
080 ## - UNIWERSALNA KLASYFIKACJA DZIESIĘTNA - UKD
UKD 621.3(038)=00
245 00 - TYTUŁ/ODPOWIEDZIALNOŚĆ
Tytuł Międzynarodowy słownik terminologii elektrycznej =
Ciąg dalszy tytułu International electrotechnical vocabulary = Vocabulaire électrotechnique international = Meždunarodnyj èlektrotechničeskij sbornik terminov.
Oznaczenie części/sekcji dzieła 2. Dział 10,
Tytuł części/sekcji dzieła Maszyny i transformatory.
Oznaczenie części/sekcji dzieła Dział 11,
-- Przekształtniki.
-- Dział 12,
Tytuł części/sekcji dzieła Transduktory /
Pozostałe elementy strefy tytułu i oznaczenia odpowiedzialności [oprac. Bolesław Dubicki et al. ; red. Jan R. Świtkowski] ; Międzynarodowa Komisja Elektrotechniczna.
246 31 - WARIANT TYTUŁU
Tytuł International electrotechnical vocabulary.
246 31 - WARIANT TYTUŁU
Tytuł Vocabulaire électrotechnique international.
246 31 - WARIANT TYTUŁU
Tytuł Meždunarodnyj èlektrotechničeskij sbornik terminov.
260 ## - STREFA ADRESU WYDAWNICZEGO
Miejsce wydania Warszawa :
Nazwa wydawcy/dystrybutora Państw. Wydaw. Techniczne,
Data publikacji, dystrybucji/powstania dokumentu 1961.
300 ## - STREFA OPISU FIZYCZNEGO
Objętość VIII, 127 s. ;
Rozmiary 30 cm.
380 ## - FORMA I TYP PUBLIKACJI
Forma i typ publikacji Książki.
388 ## - CZAS POWSTANIA
Czas powstania 1901-2000
546 ## - UWAGA O JĘZYKU
Uwaga o języku Tekst równol. w jęz. pol., hol., ang., fr., niem., wł., ros., hisz., szw.
658 ## - TERMIN INDEKSOWY - PRZEDMIOT PROGRAMU NAUCZANIA
Główny przedmiot programu nauczania Inżynieria i technika
658 ## - TERMIN INDEKSOWY - PRZEDMIOT PROGRAMU NAUCZANIA
Główny przedmiot programu nauczania Językoznawstwo
650 #4 - HASŁO PRZEDMIOTOWE W FORMIE NAZWY OGÓLNEJ LUB JEDNOSTKOWEJ
Nazwa ogólna lub geograficzna Elektryczność
650 #4 - HASŁO PRZEDMIOTOWE W FORMIE NAZWY OGÓLNEJ LUB JEDNOSTKOWEJ
Nazwa ogólna lub geograficzna Terminologia
650 #4 - HASŁO PRZEDMIOTOWE W FORMIE NAZWY OGÓLNEJ LUB JEDNOSTKOWEJ
Nazwa ogólna lub geograficzna Elektrotechnika
655 #4 - TERMIN INDEKSOWY - OKREŚLENIE RODZAJU/FORMY DOKUMENTU
Określenie rodzaju/formy dokumentu Słownik wielojęzyczny
700 1# - HASŁO DODATKOWE - NAZWA OSOBOWA
Nazwa osobowa Dubicki, Bolesław
Daty związane z nazwą (1906-1990).
Określenie związku między hasłem a opisywanym materiałem Oprac.
700 1# - HASŁO DODATKOWE - NAZWA OSOBOWA
Nazwa osobowa Świtkowski, Jan R.
Określenie związku między hasłem a opisywanym materiałem Redakcja
710 2# - HASŁO DODATKOWE - NAZWA CIAŁA ZBIOROWEGO
Nazwa ciała zbiorowego lub jednostki geograficznej Państwowe Wydawnictwa Techniczne
Kod określenia powiązania pbl.
856 ## - LOKALIZACJA I DOSTĘP DO ELEKTRONICZNYCH DOKUMENTÓW ZDALNYCH
Link (URL) http://koha.tu.koszalin.pl/cgi-bin/koha/opac-detail.pl?biblionumber=12466
Tekst linku Katalog online BPK
942 ## - DODATKOWE ELEMENTY (KOHA)
Schemat klasyfikacji Uniwersalna Klasyfikacja Dziesiętna
Typ dokumentu Książka
Egzemplarze
Wycofany Status egzemplarza Uszkodzony Dostępność Lokalizacja stała Lokalizacja bieżąca Miejsce przechowywania Sygnatura Kod kreskowy Typ dokumentu
      Dostępny Biblioteka Politechniki Koszalińskiej Biblioteka Politechniki Koszalińskiej Wypożyczalnia BG 6948 01808308 Książka
© 2023 Biblioteka Politechniki Koszalińskiej :: KOHA